| 000 | 00456nam a2200181Ia 4500 | ||
|---|---|---|---|
| 001 | 8492 | ||
| 005 | 20260306160613.0 | ||
| 008 | 260306t2013||||xx |||||||||||||| ||spa|| | ||
| 041 | _aESP | ||
| 082 |
_a371.1 _bM27I |
||
| 100 |
_aRolandi, Ana María _eAUT |
||
| 245 | 0 |
_aTIC y educación inicial: _bdesafíos de una práctica digital |
|
| 260 | _c2013 | ||
| 300 |
_a208 páginas : _c22 cm. |
||
| 650 | _aGEN | ||
| 654 | _aCED | ||
| 942 |
_cLIB _dJUS _fJUS _2ddc _n |
||
| 999 |
_c8492 _d8492 |
||